000 00523nam a2200181 i 4500
001 24503
003 ES-MaACL
005 20230906153048.0
007 t|
008 021217s1970 sp ||||1| spa d
100 1 _aAndrey, Bernard.
_921669
245 1 3 _aLa psicología en la escuela /
_cBernard Andrey, Jean Le Men ; traducción por Diorki.
260 _aMadrid :
_bStudium,
_c1970.
300 _a254 p. ;
_c19 cm.
700 1 _aLe Men, Jean.
_970901
710 2 _aDiorki.
_93392
852 _aES-MaACL
_jC-40279
_bR.76075
999 _c24503
_d24503